000 00714nam a2200253Ia 4500
003 OSt
005 20220918221245.0
006 a|||||r|||| 00| 0
007 ta
008 220917b |||||||| |||| 00| 0 eng d
024 _a149,014
037 _cTextual
040 _aARTS
_cARTS
_beng
041 _2eng
_aeng
082 _aT0Y1, K2
100 _aBell Robert R ed
_9139777
245 0 _aSociology of education
_b a sourcebook
260 _c1962
490 _aDorsey series in anthropology and sociology, ed by Robin M Williams
650 _aEDUCATION
700 _a Stub Holger R ed
_9139778
942 _hT0Y1, K2
_cTEXL
_2CC
999 _c271688
_d271688